000 00338nam a2200109Ia 4500
008 160531s9999 xx 000 0 und d
100 _aManafi, Milad.
245 _aArtificial Insemination in Farm Animals
245 _cby Milad Manafi
260 _c2011
856 _uhttp://www.intechopen.com/books/artificial-insemination-in-farm-animals
999 _c295299
_d295299